Relatoría de la reunión preparatoria X RESSCA /

Сохранить в:
Библиографические подробности
Корпоративные авторы: OPS, OMS
Формат: Текст
Опубликовано: Managua: OPS
Метки: Добавить метку
Нет меток, Требуется 1-ая метка записи!

MARC

LEADER 00000 a a2200000 04500
001 22824
003
040 |a CRAI/IIS  |c CRAI/IIS 
090 |a 157100  
110 |a OPS  
245 |a Relatoría de la reunión preparatoria X RESSCA /  |c OPS  
260 |a Managua:   |b OPS  
300 |a 22 p.; n. 3  
710 |a OMS  
999 |c 15075  |d 15075